000
00255nam a22001217a 4500
008
171024b xxu||||| |||| 00| 0 eng d
041
_a
eng
080
_a
311
100
_a
55
101
_a
STA
245
_a
APPLIED STATISTICS
_c
NETER,J
942
_2
udc
_c
BK
999
_c
35636
_d
35636